[Event "Philadelphia Open"]
[Site "Philadelphia"]
[Date "2017.04.15"]
[Round "7.10"]
[White "FM Li, Ben"]
[Black "GM Troff, Kayden"]
[Result "0-1"]
[WhiteElo "2230"]
[BlackElo "2492"]
[PlyCount "78"]
[EventDate "2017.04.??"]
[EventType "swiss"]
[EventRounds "9"]
[EventCountry "USA"]

1. d4 Nf6 2. c4 g6 3. Nc3 d5 4. cxd5 Nxd5 5. e4 Nxc3 6. bxc3 Bg7 7. Be3 c5 8.
Nf3 O-O 9. Qd2 b6 10. Rc1 e6 11. Bh6 Bb7 12. Bd3 cxd4 13. cxd4 Nc6 14. Bxg7
Kxg7 15. O-O Rc8 16. Rfd1 Qd6 17. Qb2 Kg8 18. Bb1 Qf4 19. h3 Rfd8 20. d5 exd5
21. exd5 Nb4 22. Rxc8 Rxc8 23. a3 Nxd5 24. Ba2 Nc3 25. Rd4 Qf6 26. Rd3 Bd5 27.
Bxd5 Nxd5 28. Qe5 Qxe5 29. Nxe5 Nf6 30. g4 Rc5 31. g5 Ne4 32. f4 Nxg5 33. Rd8+
Kg7 34. Nd3 Ne6 35. Rd7 Rc7 36. Rd5 Kf6 37. Kf2 Rc3 38. Rd7 Rxa3 39. Ne5 Nxf4
0-1

[Event "Philadelphia Open"]
[Site "Philadelphia"]
[Date "2017.04.15"]
[Round "7.11"]
[White "IM Burke, John"]
[Black "IM Ippololito, Dean"]
[Result "1/2-1/2"]
[WhiteElo "2492"]
[BlackElo "2365"]
[PlyCount "105"]
[EventDate "2017.04.??"]
[EventType "swiss"]
[EventRounds "9"]
[EventCountry "USA"]

1. e4 e5 2. Nf3 Nf6 3. d4 Nxe4 4. dxe5 d5 5. Nbd2 Nxd2 6. Qxd2 Be7 7. Bd3 h6 8.
Qf4 c5 9. c4 g5 10. Qe3 d4 11. Qe2 Nc6 12. O-O Qc7 13. Re1 Bg4 14. h3 Be6 15.
a3 Rg8 16. Nh2 O-O-O 17. Ng4 h5 18. Nh6 Rh8 19. Nf5 Rdg8 20. f4 g4 21. h4 g3
22. Qe4 Kb8 23. Rb1 Rg4 24. Bd2 a5 25. b4 cxb4 26. axb4 Bxb4 27. Bxb4 Bxf5 28.
Qxf5 Nxb4 29. Qf6 Qd8 30. Qxf7 Rf8 31. e6 Rxf7 32. exf7 Rxf4 33. Re8 Nc6 34.
Bg6 Kc7 35. Rxd8 Nxd8 36. Rb5 Nxf7 37. Rxa5 d3 38. Rxh5 Rxc4 39. Bxd3 Rc1+ 40.
Bf1 Nd6 41. Re5 Kb6 42. h5 Rc5 43. Rxc5 Kxc5 44. h6 Nf7 45. h7 Kd4 46. Bb5 Ke5
47. Kf1 Kf6 48. Bc4 Nh8 49. Ke2 Kg7 50. Bd3 Nf7 51. Ke3 Ng5 52. Kf4 Nxh7 53.
Kxg3 1/2-1/2

[Event "Philadelphia Open"]
[Site "Philadelphia"]
[Date "2017.04.15"]
[Round "7.12"]
[White "GM Molner, Mackenzie"]
[Black "FM Markzon, Gregory"]
[Result "1-0"]
[WhiteElo "2450"]
[BlackElo "2188"]
[PlyCount "107"]
[EventDate "2017.04.??"]
[EventType "swiss"]
[EventRounds "9"]
[EventCountry "USA"]

1. e4 c5 2. Nf3 d6 3. d4 cxd4 4. Nxd4 Nf6 5. Nc3 a6 6. Bg5 e6 7. f4 Qc7 8. Bxf6
gxf6 9. Qd2 b5 10. a3 Nc6 11. O-O-O Nxd4 12. Qxd4 Be7 13. Be2 Qc5 14. f5 Qxd4
15. Rxd4 h5 16. h4 Bf8 17. Kb1 Bb7 18. Rf1 Ke7 19. Rfd1 Rd8 20. a4 bxa4 21.
Rxa4 Rg8 22. Bf3 Bh6 23. Ra5 Bf4 24. fxe6 fxe6 25. Rxh5 Rh8 26. Rxh8 Rxh8 27.
h5 Be5 28. Ne2 Bc6 29. c3 a5 30. Kc2 a4 31. Nd4 Bd7 32. Rh1 Bf4 33. Kd3 Bh6 34.
Ra1 Rb8 35. Rb1 d5 36. exd5 e5 37. Nc6+ Bxc6 38. dxc6 f5 39. Bd5 Kd6 40. Kc4 e4
41. Rd1 Kc7 42. Ra1 Ra8 43. b3 a3 44. b4 Bg7 45. Kb3 Ra7 46. Rxa3 Rxa3+ 47.
Kxa3 Bxc3 48. Kb3 Bg7 49. b5 Bh6 50. Kc4 Kb6 51. Be6 e3 52. Kd3 Bf4 53. Bc4 Bh6
54. Ke2 1-0

[Event "Philadelphia Open"]
[Site "Philadelphia"]
[Date "2017.04.15"]
[Round "7.14"]
[White "GM Barbosa, Oliver"]
[Black "Niemann, Hans"]
[Result "1-0"]
[WhiteElo "2509"]
[BlackElo "2281"]
[Annotator "Hater,David"]
[PlyCount "69"]
[EventDate "2017.04.??"]
[EventType "swiss"]
[EventRounds "9"]
[EventCountry "USA"]

1. Nf3 c5 2. c4 Nc6 3. e3 Nf6 4. d4 cxd4 5. exd4 d5 6. Nc3 g6 7. cxd5 Nxd5 8.
Qb3 Nxc3 9. Bc4 Nd5 10. Bxd5 e6 11. Bxc6+ bxc6 12. O-O Bg7 13. Bg5 f6 14. Be3
O-O 15. Rac1 Qd5 16. Qa4 Bb7 17. Rc5 Qd7 18. Ra5 Rfd8 19. Nd2 c5 20. Qxd7 Rxd7
21. dxc5 f5 22. Nc4 Bd5 23. b3 Bxc4 24. bxc4 Rc8 25. g3 Bc3 26. Ra4 e5 27. Rb1
Bd4 28. Rd1 Rdc7 29. Bxd4 exd4 30. Rxd4 Rxc5 31. Rd7 R8c7 32. Rxc7 Rxc7 33. Kf1
Kf7 34. Ke2 Ke6 35. Kd3 {[%emt 0:00:50] 1-0 move} 1-0

[Event "Philadelphia Open"]
[Site "Philadelphia"]
[Date "2017.04.15"]
[Round "7.15"]
[White "Santarius, Erick"]
[Black "Wang, Wesley"]
[Result "1/2-1/2"]
[WhiteElo "2313"]
[BlackElo "2111"]
[PlyCount "145"]
[EventDate "2017.04.??"]
[EventType "swiss"]
[EventRounds "9"]
[EventCountry "USA"]

1. e4 e5 2. Nf3 Nc6 3. Bc4 Nf6 4. d3 Bc5 5. c3 d6 6. Bb3 O-O 7. O-O a6 8. Nbd2
Ba7 9. Nc4 Ne7 10. Re1 Ng6 11. Be3 b5 12. Ncd2 Bxe3 13. fxe3 Bb7 14. Qe2 Re8
15. Ng5 d5 16. exd5 Bxd5 17. Rf1 h6 18. Nge4 Nxe4 19. Nxe4 Rf8 20. Rf5 f6 21.
Qg4 Kh7 22. Nc5 Ne7 23. Rf2 f5 24. Qg3 Qd6 25. d4 e4 26. Qxd6 cxd6 27. Nd7 Rfd8
28. Nb6 Bxb3 29. Nxa8 Bc4 30. Nc7 b4 31. b3 Rc8 32. bxc4 Rxc7 33. cxb4 Rxc4 34.
a3 Nd5 35. Re2 f4 36. exf4 Rxd4 37. Rae1 Nc3 38. Re3 Rd3 39. Kf2 Nd1+ 40. Rxd1
Rxd1 41. Rxe4 Ra1 42. Re3 Kg6 43. g4 Kf6 44. h3 g6 45. Kf3 d5 46. Rc3 Ke7 47.
Rc7+ Kf8 48. Rc3 Ke7 49. Kg3 d4 50. Rd3 Ke6 51. Rxd4 Rxa3+ 52. Kh4 Rb3 53. Rc4
Kf7 54. g5 hxg5+ 55. fxg5 Rb1 56. Kg4 Ke6 57. Rc6+ Kf7 58. Rb6 Ra1 59. Kf4 a5
60. Rb7+ Ke6 61. Rg7 Rf1+ 62. Kg4 Rg1+ 63. Kh4 axb4 64. Rxg6+ Kf7 65. Rb6 b3
66. Rxb3 Kg6 67. Rb6+ Kg7 68. Kh5 Rd1 69. Rb7+ Kg8 70. Kh6 Rh1 71. Rb8+ Kf7 72.
g6+ Ke7 73. Rb3 1/2-1/2

[Event "Philadelphia Open"]
[Site "Philadelphia"]
[Date "2017.04.15"]
[Round "7.16"]
[White "FM Sinha, Sahil"]
[Black "Paciorkowski, Lev"]
[Result "1/2-1/2"]
[WhiteElo "2288"]
[BlackElo "2158"]
[PlyCount "72"]
[EventDate "2017.04.??"]
[EventType "swiss"]
[EventRounds "9"]
[EventCountry "USA"]

1. d4 Nf6 2. c4 e6 3. Nc3 Bb4 4. Qc2 O-O 5. Nf3 c5 6. dxc5 Na6 7. g3 Nxc5 8.
Bg2 b6 9. O-O Bxc3 10. Qxc3 Bb7 11. Rd1 Qe7 12. Bf4 d5 13. Rac1 a5 14. h3 Rac8
15. Qa3 Rfd8 16. cxd5 Nxd5 17. Bd2 Ne4 18. Qxe7 Nxe7 19. Be1 Bd5 20. Ne5 Nd6
21. Bxd5 Rxc1 22. Rxc1 Nxd5 23. f3 f6 24. Nd3 Rc8 25. Rxc8+ Nxc8 26. e4 Nc7 27.
Kf2 Kf7 28. a4 Na6 29. Ke3 e5 30. b4 axb4 31. Bxb4 Ke6 32. Ba3 Nd6 33. Nb2 Nc7
34. Kd3 Nce8 35. Bxd6 Kxd6 36. Kc4 Kc6 1/2-1/2

[Event "Philadelphia Open"]
[Site "Philadelphia"]
[Date "2017.04.15"]
[Round "7.20"]
[White "FM Homa, Seth"]
[Black "WFM Inapuri, Ramya"]
[Result "1-0"]
[WhiteElo "2326"]
[BlackElo "2157"]
[PlyCount "69"]
[EventDate "2017.04.??"]
[EventType "swiss"]
[EventRounds "9"]
[EventCountry "USA"]

1. c4 c5 2. Nf3 Nf6 3. Nc3 Nc6 4. d4 cxd4 5. Nxd4 g6 6. e4 d6 7. Be2 Bg7 8. Be3
O-O 9. Qd2 Ng4 10. Bxg4 Bxg4 11. f3 Bd7 12. O-O Ne5 13. b3 h5 14. Rac1 Kh7 15.
Rfd1 Rg8 16. Kh1 Qf8 17. h3 f6 18. f4 Nc6 19. Nf3 Rd8 20. Nd5 Bh6 21. Rf1 Qg7
22. Qe2 Be6 23. b4 b6 24. b5 Nb8 25. Nd4 Bc8 26. a4 Qf7 27. e5 f5 28. Bd2 dxe5
29. fxe5 Bxd2 30. Qxd2 Be6 31. Nf3 g5 32. Nxg5+ Rxg5 33. Qxg5 Bxd5 34. cxd5
Rxd5 35. Rxf5 1-0

[Event "Philadelphia Open"]
[Site "Philadelphia"]
[Date "2017.04.15"]
[Round "7.22"]
[White "FM Zhang, Yuenchen"]
[Black "IM Trujillo, Reinaldo"]
[Result "1-0"]
[WhiteElo "2268"]
[BlackElo "2126"]
[PlyCount "83"]
[EventDate "2017.04.??"]
[EventType "swiss"]
[EventRounds "9"]
[EventCountry "USA"]

1. d4 Nf6 2. c4 e6 3. Nc3 Bb4 4. e3 c5 5. Nge2 cxd4 6. exd4 d5 7. a3 Be7 8. Nf4
g5 9. Nd3 dxc4 10. Ne5 h6 11. Bxc4 Nc6 12. Nxc6 bxc6 13. h4 Rg8 14. hxg5 hxg5
15. Be3 Nd5 16. Rh7 Qa5 17. Qh5 Rf8 18. Bxg5 Nf6 19. Bxf6 Qxh5 20. Rxh5 Bxf6
21. O-O-O Rg8 22. Ne4 Ke7 23. Nxf6 Kxf6 24. g3 Bd7 25. Kc2 Ke7 26. Rdh1 Kd6 27.
Kc3 Rg4 28. Be2 Rg7 29. R1h4 Rag8 30. Ra5 Ra8 31. Rhh5 f5 32. Rh6 Kc7 33. Bc4
Re7 34. Re5 Rae8 35. b4 f4 36. g4 f3 37. Rf6 Rg7 38. g5 Kd6 39. Rxf3 Reg8 40.
Rf6 Rxg5 41. Bxe6 Rxe5 42. Bxg8+ 1-0

[Event "Philadelphia Open"]
[Site "Philadelphia"]
[Date "2017.04.15"]
[Round "7.23"]
[White "FM Nguyen, Trung"]
[Black "FM Gorti, Akshita"]
[Result "0-1"]
[WhiteElo "2013"]
[BlackElo "2261"]
[PlyCount "58"]
[EventDate "2017.04.??"]
[EventType "swiss"]
[EventRounds "9"]
[EventCountry "USA"]

1. d4 e6 2. g3 Nf6 3. Bg2 d5 4. c4 Bb4+ 5. Bd2 Be7 6. Nf3 O-O 7. O-O Nbd7 8.
Qc2 c6 9. Rd1 a5 10. Bf4 h6 11. Nc3 dxc4 12. Nd2 Nd5 13. Nxc4 Nxf4 14. gxf4 Nf6
15. e3 Bd7 16. Ne5 Qc7 17. Rac1 Rad8 18. Qb3 Be8 19. f5 Nd7 20. Nxf7 Bxf7 21.
fxe6 Bh5 22. Nd5 Nc5 23. Nxc7 Nxb3 24. axb3 Bxd1 25. Rxd1 Rc8 26. d5 Rfd8 27.
d6 Rxd6 28. Rxd6 Bxd6 29. e7 Bxe7 0-1

[Event "Philadelphia Open"]
[Site "Philadelphia"]
[Date "2017.04.15"]
[Round "7.25"]
[White "FM Kretchetov, Alexandre"]
[Black "Nyamdorj, Davaa-ochir"]
[Result "1-0"]
[WhiteElo "2242"]
[BlackElo "2082"]
[PlyCount "99"]
[EventDate "2017.04.??"]
[EventType "swiss"]
[EventRounds "9"]
[EventCountry "USA"]

1. d4 Nf6 2. c4 e6 3. Nc3 d5 4. cxd5 exd5 5. Bg5 c6 6. e3 Be7 7. Qc2 Nbd7 8.
Bd3 Nh5 9. Bxe7 Qxe7 10. Nge2 Nb6 11. O-O-O Bd7 12. Kb1 O-O-O 13. Nc1 Kb8 14.
Nb3 g6 15. Nc5 Bc8 16. Ka1 Ng7 17. Be2 Nf5 18. b4 a6 19. N3a4 Qc7 20. Rc1 Nd6
21. Nb2 Nd7 22. Qb3 b5 23. Nxd7+ Rxd7 24. Nd3 Nc4 25. Rc2 Qd6 26. Nc5 Ra7 27.
a4 Re8 28. Ra2 Ree7 29. Qc3 Qd8 30. Bxc4 dxc4 31. e4 f5 32. f3 Qd6 33. h3 Qg3
34. Qd2 Be6 35. Rc2 Qc7 36. a5 Qd6 37. Rd1 Re8 38. Qc3 Bf7 39. Rcd2 Qf4 40. Kb2
Ka8 41. d5 cxd5 42. Qf6 Qe5+ 43. Qxe5 Rxe5 44. exd5 Re3 45. Kc2 Kb8 46. d6 Kc8
47. d7+ Kd8 48. Rd6 f4 49. Rxa6 Rxa6 50. Nb7+ 1-0

[Event "Philadelphia Open"]
[Site "Philadelphia"]
[Date "2017.04.15"]
[Round "7.26"]
[White "FM Betanelli, Alexander"]
[Black "Juac, Majur"]
[Result "1-0"]
[WhiteElo "2236"]
[BlackElo "2074"]
[PlyCount "89"]
[EventDate "2017.04.??"]
[EventType "swiss"]
[EventRounds "9"]
[EventCountry "USA"]

1. c4 Nf6 2. g3 e5 3. Bg2 Bc5 4. Nc3 Nc6 5. a3 a5 6. e3 d6 7. Nge2 Ba7 8. b3
Bf5 9. d3 Qd7 10. h3 O-O 11. e4 Be6 12. Be3 Ne8 13. Bxa7 Rxa7 14. d4 Nxd4 15.
Nxd4 exd4 16. Qxd4 Ra8 17. g4 Qe7 18. O-O h5 19. f4 hxg4 20. f5 gxh3 21. Bxh3
Qh4 22. Kh2 Bd7 23. Nd5 c6 24. Rf4 Qd8 25. Ne3 Qe7 26. Ng4 Qg5 27. Qf2 Nf6 28.
Ne3 Nh5 29. Rh4 Qf6 30. Rg1 Qe5+ 31. Kh1 Rfe8 32. Rxh5 Qxe4+ 33. Qg2 Qxg2+ 34.
Nxg2 c5 35. Nf4 a4 36. bxa4 Rxa4 37. Rhg5 Bc6+ 38. Bg2 Rxc4 39. Bxc6 Rxf4 40.
Bxe8 Kf8 41. Bb5 d5 42. f6 Rxf6 43. Rxd5 b6 44. Rd8+ Ke7 45. Re8+ 1-0

[Event "Philadelphia Open"]
[Site "Philadelphia"]
[Date "2017.04.15"]
[Round "7.27"]
[White "Wang, Jason"]
[Black "WIM Yu, Jennifer"]
[Result "1/2-1/2"]
[WhiteElo "2026"]
[BlackElo "2229"]
[PlyCount "68"]
[EventDate "2017.04.??"]
[EventType "swiss"]
[EventRounds "9"]
[EventCountry "USA"]

1. d4 d5 2. c4 c6 3. Nc3 Nf6 4. e3 g6 5. Nf3 Bg7 6. Be2 O-O 7. O-O b6 8. cxd5
cxd5 9. Qb3 Bb7 10. Ne5 e6 11. Bd2 Nc6 12. f4 Rc8 13. Rac1 Na5 14. Qa3 a6 15.
b3 Nc6 16. Nxc6 Rxc6 17. Na4 Rxc1 18. Rxc1 Ne4 19. Bb4 Re8 20. Nb2 Qa8 21. Na4
Qd8 22. Rc2 Bf8 23. Bxf8 Rxf8 24. Qb4 b5 25. Nc5 Nxc5 26. Rxc5 Qd7 27. Qc3 Rc8
28. b4 f6 29. a3 Kf7 30. Bf3 Rxc5 31. Qxc5 Qc6 32. Qxc6 Bxc6 33. Kf2 Ke7 34. g3
Kd6 1/2-1/2

[Event "Philadelphia Open"]
[Site "Philadelphia"]
[Date "2017.04.15"]
[Round "7.28"]
[White "Shen, Christopher"]
[Black "Yang, Kevin"]
[Result "1/2-1/2"]
[WhiteElo "2200"]
[BlackElo "2016"]
[PlyCount "79"]
[EventDate "2017.04.??"]
[EventType "swiss"]
[EventRounds "9"]
[EventCountry "USA"]

1. c4 b6 2. g3 Bb7 3. Nf3 Bxf3 4. exf3 c5 5. d4 cxd4 6. Qxd4 Nc6 7. Qd1 g6 8.
Bg2 Bg7 9. O-O Rc8 10. Na3 Nf6 11. Nb5 O-O 12. f4 a6 13. Na3 Ne8 14. Qe2 Nd6
15. Be3 Nf5 16. Rad1 d6 17. b3 Qc7 18. Bh3 Nxe3 19. fxe3 Rb8 20. Nc2 b5 21. Bg2
Rfc8 22. Bxc6 Qxc6 23. Nb4 Qb7 24. cxb5 Qxb5 25. Qxb5 Rxb5 26. Nd5 Kf8 27. e4
a5 28. Rd3 Rc2 29. Rf2 Rbc5 30. Ne3 R2c3 31. Rxc3 Rxc3 32. Rc2 Rxc2 33. Nxc2
Ke8 34. Kf1 Kd7 35. Ke2 Kc6 36. Kd3 Kb5 37. h3 h5 38. g4 hxg4 39. hxg4 Kc5 40.
Ke3 1/2-1/2

[Event "Philadelphia Open"]
[Site "Philadelphia"]
[Date "2017.04.15"]
[Round "7.29"]
[White "FM Jayaraman, Aravind"]
[Black "Umayan, Vincent"]
[Result "0-1"]
[WhiteElo "2198"]
[BlackElo "1983"]
[PlyCount "70"]
[EventDate "2017.04.??"]
[EventType "swiss"]
[EventRounds "9"]
[EventCountry "USA"]

1. d4 Nf6 2. c4 e6 3. Nc3 Bb4 4. e3 O-O 5. Nge2 d5 6. a3 Be7 7. cxd5 exd5 8.
Nf4 c6 9. Bd3 Bd6 10. O-O Re8 11. f3 Bxf4 12. exf4 Nbd7 13. Kh1 c5 14. b4 cxb4
15. axb4 Nb6 16. Qb3 a6 17. g4 Bd7 18. f5 Bc6 19. Bf4 Nc4 20. b5 Qb6 21. Na4
Qxb5 22. Qc3 Bd7 23. Be5 Qc6 24. Nc5 b6 25. Bxf6 bxc5 26. Bg5 cxd4 27. Qxd4 Ne5
28. Ra5 Nxd3 29. Qxd3 Qb7 30. Rxd5 Bb5 31. Rb1 Re1+ 32. Kg2 Rxb1 33. Rd8+ Be8
34. Rxa8 Rb2+ 35. Kg3 Qxa8 0-1

[Event "Philadelphia Open"]
[Site "Philadelphia"]
[Date "2017.04.15"]
[Round "7.30"]
[White "Nakada, Akira"]
[Black "Huang, Andy"]
[Result "0-1"]
[WhiteElo "2083"]
[BlackElo "2196"]
[PlyCount "78"]
[EventDate "2017.04.??"]
[EventType "swiss"]
[EventRounds "9"]
[EventCountry "USA"]

1. d4 d5 2. c4 c6 3. cxd5 cxd5 4. Bf4 Nc6 5. e3 Nf6 6. Nc3 Bf5 7. Qb3 Na5 8.
Qa4+ Bd7 9. Qc2 e6 10. Bd3 Rc8 11. Nf3 Bb4 12. O-O O-O 13. Rfc1 b5 14. Ne5 Be8
15. Qe2 Nc4 16. a3 Be7 17. a4 b4 18. Nd1 Na5 19. Bc2 Ne4 20. f3 Nd6 21. b3 f6
22. Nd3 Ndb7 23. Bg3 Bf7 24. N1b2 Qb6 25. Be1 Bg6 26. Bd1 Rcd8 27. Qd2 Nc6 28.
a5 Nbxa5 29. Na4 Qb5 30. Ndc5 Bf7 31. Be2 Qb8 32. Bg3 e5 33. Qb2 Bd6 34. Na6
Qc8 35. Bb5 Qb7 36. Qe2 exd4 37. Bxd6 Rxd6 38. N4c5 Qe7 39. e4 dxe4 0-1

[Event "Philadelphia Open"]
[Site "Philadelphia"]
[Date "2017.04.15"]
[Round "7.32"]
[White "Daggupati, Balaji"]
[Black "Senft, Sean"]
[Result "1-0"]
[WhiteElo "2152"]
[BlackElo "1983"]
[Annotator "Hater,David"]
[PlyCount "94"]
[EventDate "2017.04.??"]
[EventType "swiss"]
[EventRounds "9"]
[EventCountry "USA"]

1. e4 c5 2. Nf3 d6 3. d4 cxd4 4. Nxd4 Nf6 5. Nc3 a6 6. Bg5 e6 7. f4 Qb6 8. Nb3
Nc6 9. Qf3 Be7 10. O-O-O Qc7 11. g4 b5 12. e5 dxe5 13. fxe5 Nd5 14. Bxe7 Ndxe7
15. Bxb5 O-O 16. Bxc6 Nxc6 17. Rhe1 Rb8 18. g5 Bb7 19. Qf4 Rfc8 20. Rd3 Ne7 21.
Rh3 Bg2 22. Rg3 Bd5 23. Qg4 Bxb3 24. axb3 Nd5 25. Qe2 Nb4 26. Kb1 Qa5 27. Rd1
Rc5 28. Re3 Rbc8 29. h4 Nc6 30. Rd6 Qc7 31. Na4 Nxe5 32. Nxc5 Qxd6 33. Nxe6
Qxe6 34. Rxe5 Qc6 35. Qe4 Qxe4 36. Rxe4 h6 37. gxh6 gxh6 38. c4 Kg7 39. Kc2 Kg6
40. Kc3 Kf5 41. b4 Rd8 42. Rd4 Rb8 43. c5 Ke5 44. Kc4 f5 45. Rd1 (45. Rd6 f4
46. Rb6 Rc8 47. h5 Ke4 48. Rf6 Ra8 49. Rxh6 Ke5 50. Rd6 f3 51. Rd1 Rh8 52. c6
f2 53. Kc5 Rxh5 54. c7) 45... f4 46. Rc1 Rc8 47. h5 Ke4 1-0

[Event "Philadelphia Open"]
[Site "Philadelphia"]
[Date "2017.04.15"]
[Round "7.33"]
[White "Lederer, Yoav"]
[Black "Frenkel, Benjamin"]
[Result "1-0"]
[WhiteElo "2317"]
[BlackElo "1899"]
[PlyCount "57"]
[EventDate "2017.04.??"]
[EventType "swiss"]
[EventRounds "9"]
[EventCountry "USA"]

1. Nf3 c5 2. c4 Nc6 3. d4 cxd4 4. Nxd4 Nf6 5. Nc3 e6 6. g3 Qb6 7. Ndb5 Ne5 8.
Bg2 a6 9. Na4 Qa5+ 10. Nbc3 Nxc4 11. O-O d5 12. b3 Ne5 13. e4 Bb4 14. Bb2 O-O
15. a3 Be7 16. exd5 exd5 17. b4 Qd8 18. Nxd5 Nxd5 19. Bxd5 Bf6 20. Qb3 Rb8 21.
Rad1 Qd7 22. Nb6 Qh3 23. Bxe5 Bxe5 24. Bxf7+ Kh8 25. Nxc8 Rbxc8 26. Be6 Qh5 27.
Bxc8 Rxc8 28. Qd5 Re8 29. f4 1-0

[Event "Philadelphia Open"]
[Site "Philadelphia"]
[Date "2017.05.15"]
[Round "7.34"]
[White "Meyers, Dominique"]
[Black "Sobh, Hassan"]
[Result "0-1"]
[WhiteElo "2059"]
[BlackElo "1827"]
[PlyCount "60"]
[EventDate "2017.04.??"]
[EventType "swiss"]
[EventRounds "9"]
[EventCountry "USA"]

1. e4 e5 2. Bc4 Nf6 3. Nc3 Bc5 4. d3 d6 5. f4 Ng4 6. f5 Bf2+ 7. Kf1 Ne3+ 8.
Bxe3 Bxe3 9. Nh3 c6 10. Qf3 Bd4 11. Ke2 b5 12. Nxb5 cxb5 13. Bd5 Nd7 14. Bxa8
Bxb2 15. Rab1 Bc3 16. Rxb5 O-O 17. Rb3 Bd4 18. g4 Qa5 19. g5 Qxa2 20. Rc1 Ba6
21. Bd5 Qa4 22. Qh5 Kh8 23. Bxf7 Bc5 24. Bg6 Qxe4+ 25. Kd1 Qh1+ 26. Kd2 Qxh2+
27. Kc3 Bd4+ 28. Kb4 Qd2+ 29. c3 Bc5+ 30. Ka4 Qa2+ 0-1

[Event "Philadelphia Open"]
[Site "Philadelphia"]
[Date "2017.04.15"]
[Round "7.35"]
[White "Fernandez, Nelson"]
[Black "Glick, Michael"]
[Result "0-1"]
[WhiteElo "1922"]
[BlackElo "2159"]
[PlyCount "80"]
[EventDate "2017.04.??"]
[EventType "swiss"]
[EventRounds "9"]
[EventCountry "USA"]

1. d4 Nf6 2. c4 c5 3. d5 e6 4. Nc3 exd5 5. cxd5 d6 6. e4 g6 7. h3 a6 8. a4 Qe7
9. Bd3 Bg7 10. Nf3 O-O 11. O-O Nbd7 12. Re1 Ne5 13. Nxe5 Qxe5 14. f4 Qh5 15.
Qxh5 Nxh5 16. g4 Nf6 17. Bd2 Rb8 18. e5 Ne8 19. e6 f5 20. gxf5 gxf5 21. Be2
Bd4+ 22. Kf1 Kg7 23. Bf3 b5 24. axb5 axb5 25. Ra7+ Kh6 26. Be3 Bf6 27. Rea1 b4
28. Nd1 Bb7 29. R1a5 Bd8 30. Ra1 Bb6 31. Rxb7 Rxb7 32. b3 Bd8 33. Ra6 Be7 34.
Bxc5 dxc5 35. d6 Nxd6 36. Rxd6 Bxd6 37. Bxb7 Re8 38. Bd5 Bxf4 39. Nb2 Kg7 40.
Nd3 Bd6 0-1

[Event "Philadelphia Open"]
[Site "Philadelphia"]
[Date "2017.04.15"]
[Round "7.36"]
[White "Yoo, Christopher"]
[Black "Wang, Alex"]
[Result "1-0"]
[WhiteElo "2104"]
[BlackElo "1985"]
[PlyCount "67"]
[EventDate "2017.04.??"]
[EventType "swiss"]
[EventRounds "9"]
[EventCountry "USA"]

1. e4 c5 2. Nf3 d6 3. d4 cxd4 4. Nxd4 Nf6 5. Nc3 a6 6. f3 e5 7. Nb3 Be6 8. Be3
Be7 9. Qd2 O-O 10. O-O-O Nbd7 11. g4 b5 12. g5 b4 13. gxf6 bxc3 14. Qxc3 Nxf6
15. Na5 Rc8 16. Nc6 Qe8 17. Nxe7+ Qxe7 18. Qa5 Rc6 19. Rd2 Rfc8 20. Kb1 d5 21.
exd5 Rxc2 22. Bxa6 Rxd2 23. Bxd2 Rc5 24. Qb4 Bf5+ 25. Ka1 Qc7 26. Be3 Rxd5 27.
Rc1 Qd8 28. Bc4 Rd7 29. Qc5 Nd5 30. Bd2 Be6 31. Ba5 Qa8 32. Bb5 Rc7 33. Bxc7
Nxc7 34. Bc4 1-0

[Event "Philadelphia Open"]
[Site "Philadelphia"]
[Date "2017.04.15"]
[Round "7.40"]
[White "Bohorquez, Maria"]
[Black "WFM Bogdon, Ekaterina"]
[Result "0-1"]
[WhiteElo "1570"]
[BlackElo "2058"]
[PlyCount "56"]
[EventDate "2017.04.??"]
[EventType "swiss"]
[EventRounds "9"]
[EventCountry "USA"]

1. e4 e6 2. d4 d5 3. Nc3 Bb4 4. e5 c5 5. a3 Bxc3+ 6. bxc3 Ne7 7. Nf3 b6 8. Bd3
cxd4 9. cxd4 Ba6 10. Bxa6 Nxa6 11. c4 Nc7 12. Qa4+ Qd7 13. Qxd7+ Kxd7 14. c5
bxc5 15. dxc5 Nc6 16. Be3 Rab8 17. Bd4 Rb3 18. O-O Nb5 19. Be3 Nxa3 20. Nd2 Rc3
21. Nb1 Nxb1 22. Rfxb1 Kc7 23. Rb2 Rb8 24. Rxb8 Kxb8 25. Rc1 Rxc1+ 26. Bxc1
Nxe5 27. Bf4 f6 28. g3 Kb7 0-1

[Event "Philadelphia Open"]
[Site "Philadelphia"]
[Date "2017.04.15"]
[Round "7.41"]
[White "De Fotis, Gary"]
[Black "Kung, Thomas"]
[Result "0-1"]
[WhiteElo "1934"]
[BlackElo "2103"]
[PlyCount "118"]
[EventDate "2017.04.??"]
[EventType "swiss"]
[EventRounds "9"]
[EventCountry "USA"]

1. d4 d5 2. c4 c6 3. Nf3 Nf6 4. Nc3 dxc4 5. a4 Bf5 6. e3 e6 7. Bxc4 Bb4 8. O-O
Nbd7 9. Nh4 Bg6 10. h3 Qc7 11. Qe2 Bh5 12. g4 Bg6 13. Nxg6 hxg6 14. Kg2 O-O-O
15. f4 Rh4 16. Bd2 Rdh8 17. Rh1 g5 18. fxg5 Bxc3 19. gxf6 Bxd2 20. fxg7 Rg8 21.
Qxd2 Rxg7 22. Be2 f5 23. Qe1 Rh8 24. Qg3 Qb6 25. Rab1 Rhg8 26. Rhf1 Qb4 27. Qe1
Qe7 28. b4 Nf6 29. b5 fxg4 30. h4 Nd5 31. Bc4 cxb5 32. Rxb5 g3 33. Bxd5 exd5
34. Rf4 Rg4 35. Qc3+ Kb8 36. Qc5 Qg7 37. Qxd5 Rxf4 38. Qd6+ Ka8 39. Qxf4 Rf8
40. Qxg3 Qf7 41. Re5 Qf1+ 42. Kh2 Rf2+ 43. Qxf2 Qxf2+ 44. Kh3 Qf3+ 45. Kh2 Kb8
46. a5 Kc7 47. h5 Qg4 48. h6 Qh4+ 49. Kg2 Qxh6 50. Kf3 b5 51. axb6+ axb6 52.
Ke2 b5 53. Kd3 Qa6 54. Rc5+ Kd7 55. Rd5+ Ke7 56. Re5+ Kf6 57. Kc3 Qa3+ 58. Kc2
b4 59. Rb5 Qa4+ 0-1

[Event "Philadelphia Open"]
[Site "Philadelphia"]
[Date "2017.04.15"]
[Round "7.42"]
[White "Lee, Jayden"]
[Black "Wongso, Steve"]
[Result "1-0"]
[WhiteElo "1682"]
[BlackElo "1617"]
[PlyCount "77"]
[EventDate "2017.04.??"]
[EventType "swiss"]
[EventRounds "9"]
[EventCountry "USA"]

1. e4 e5 2. Nf3 Nc6 3. Nc3 Nf6 4. Bb5 Nd4 5. Bc4 Nxf3+ 6. gxf3 Bc5 7. Rg1 O-O
8. d3 c6 9. Bb3 Kh8 10. Be3 Bxe3 11. fxe3 d5 12. exd5 cxd5 13. Qd2 d4 14. exd4
exd4 15. Ne2 Nd5 16. Nxd4 Re8+ 17. Ne2 Qh4+ 18. Kd1 Ne3+ 19. Kc1 Qxh2 20. Bxf7
Nf1 21. Qg5 Qxg1 22. Qxg1 Rxe2 23. Qxf1 Re7 24. Bd5 Bh3 25. Qf2 Rae8 26. Be4
Bf5 27. Kd2 Bxe4 28. fxe4 Kg8 29. Rf1 h6 30. Qxa7 Rd8 31. Qb6 Rdd7 32. Qb3+ Kh7
33. Qb5 Rf7 34. Rxf7 Rxf7 35. Kc3 g6 36. e5 Kg7 37. e6 Re7 38. Qe5+ Kf8 39.
Qh8# 1-0

[Event "Philadelphia Open"]
[Site "Philadelphia"]
[Date "2017.04.16"]
[Round "8.1"]
[White "GM Sevian, Samuel"]
[Black "GM Arribas, Angel"]
[Result "1/2-1/2"]
[WhiteElo "2574"]
[BlackElo "2498"]
[PlyCount "49"]
[EventDate "2017.04.??"]
[EventType "swiss"]
[EventRounds "9"]
[EventCountry "USA"]

1. e4 c5 2. Nf3 d6 3. d4 cxd4 4. Nxd4 Nf6 5. Nc3 a6 6. Be3 Ng4 7. Bc1 Nf6 8. f3
e6 9. Be3 h5 10. Qd2 Be7 11. a4 Nc6 12. Bc4 Qc7 13. Ba2 Na5 14. O-O Bd7 15. Qf2
Nc4 16. Bxc4 Qxc4 17. Nb3 h4 18. h3 Rh5 19. Rfd1 d5 20. Bc5 dxe4 21. Bxe7 Kxe7
22. Rd4 Qc7 23. Nxe4 Nxe4 24. Rxe4 Qg3 25. Qxg3 1/2-1/2

[Event "Philadelphia Open"]
[Site "Philadelphia"]
[Date "2017.04.16"]
[Round "8.2"]
[White "GM Shimanov, Alex"]
[Black "GM Belous, Vladimir"]
[Result "1-0"]
[WhiteElo "2650"]
[BlackElo "2581"]
[PlyCount "57"]
[EventDate "2017.04.??"]
[EventType "swiss"]
[EventRounds "9"]
[EventCountry "USA"]

1. d4 Nf6 2. c4 g6 3. Nc3 d5 4. Nf3 Bg7 5. cxd5 Nxd5 6. e4 Nxc3 7. bxc3 c5 8.
Rb1 O-O 9. Be2 b6 10. O-O Qc7 11. Bg5 Bb7 12. d5 Bxc3 13. Bc4 Bf6 14. d6 Qd8
15. e5 Bxg5 16. Nxg5 exd6 17. Qg4 d5 18. Qh4 h5 19. Be2 Kg7 20. f4 Qe7 21. Rbe1
Nc6 22. Bxh5 Rh8 23. f5 Kg8 24. fxg6 fxg6 25. Rf6 Qg7 26. Rf7 Qh6 27. Qf4 Qxh5
28. Rxb7 Nd8 29. Re7 1-0